00797nam a22002417a 450000500170000001000130001702000220003003500130005203700160006504000120008108200170009310000280011024500410013826000350017927000540021430000320026850000330030065000230033365000300035694200260038699900190041295201240043120170124110201.0 aB-042664 c00.00a8178060086 aB-042664 bCen Lib/Ret aDPLbEN a005.754bMCG aMcGarvey, Robert936071 aHow to dotcom /cby Robert McGarvey aNew DelhibUnicorn Booksc2001 aF-2/16, Ansari Road Darya GanjbNew Delhie110002 axv, 279p. :c21cm(Hb)bill. aIncludes glossary and index aElectronic 936072 aElectronic commerce97315 2ddccENh005.754mMCG c132897d132897 00104070aLbLd2015-07-24eCen Lib/Retg0.00l0o005.754 MCGpB-042664r2015-07-24 00:00:00t1v0.00w2015-07-24yEN